000 00690nam a2200253Ia 4500
003 OSt
005 20220925234102.0
006 a|||||r|||| 00| 0
007 ta
008 220923b |||||||| |||| 00| 0 eng d
037 _cGeneral Book
040 _aRTL
_cRTL
_beng
041 _2eng
_aeng
082 _aX65291.2.N9, N2
100 _aPahwa H P S
_9299735
245 0 _aProject reports and appraisals
250 _a2nd
260 _a New Delhi
_bBharat India
_c1992
300 _a460p.
_ccm.
650 _aSecurity
700 _a Puliani Mahesh
_9299736
942 _hX65291.2.N9, N2
_cGB
_2CC
999 _c595110
_d595110